Pays les moins riches par habitant - Statistiques

Statistiques générales
  • Ce quiz a été pris 292 fois
  • Le résultat moyen est 10 sur 21
Statistiques - réponses
PIB Pays % Correct
785 $ République Démocratique du Congo
73%
1 153 $ Niger
71%
2 113 $ Éthiopie
61%
1 503 $ Soudan du Sud
58%
2 039 $ Guinée
57%
1 612 $ Togo
56%
1 434 $ Érythrée
54%
681 $ République Centrafricaine
52%
2 081 $ Rwanda
52%
1 806 $ Guinée-Bissau
49%
1 884 $ Burkina Faso
46%
1 686 $ Gambie
45%
867 $ Liberia
43%
1 554 $ Madagascar
43%
1 172 $ Malawi
43%
1 889 $ Afghanistan
41%
1 560 $ Comores
41%
1 810 $ Haïti
41%
1 791 $ Sierra Leone
41%
1 266 $ Mozambique
39%
1 958 $ Kiribati
14%
Aucun quiz correspondant
Distribution des résultats
% des personnes avec chaque résultat
Percentile par nombre de réponses
Votre historique - résultats
Vous n’avez pas pris ce quiz